Salzburg Airport Destinations (Salzburg, Austria) - Statistics

General Stats
  • This quiz has been taken 128 times
    12 since last reset
  • The average score is 50 of 64
Answer Stats
Airline Destination % Correct
Jet2.com/TUI Airways Belfast (International)
100%
Eurowings Berlin
100%
flydubai Dubai (International)
100%
Ryanair Dublin
100%
Jet2.com Edinburgh
100%
Lufthansa Frankfurt
100%
TUI Airways Glasgow
100%
Finnair Helsinki
100%
Turkish Airlines Istanbul
100%
British Airways/easyJet/Jet2.com/TUI Airways London (Gatwick)
100%
British Airways/Lufthansa London (Heathrow)
100%
easyJet London (Luton)
100%
easyJet London (Southend)
100%
Jet2.com/Ryanair/TUI Airways London (Stansted)
100%
Iberia Madrid
100%
Jet2.com/Ryanair/TUI Airways Manchester
100%
Norwegian Air Shuttle Oslo
100%
Air France Paris (Charles de Gaulle)
100%
Icelandair Reykjavík
100%
airBaltic Riga
100%
airBaltic Tallinn
100%
Ryanair Alicante
91%
Corendon Airlines/Pegasus Airlines Antalya
91%
easyJet/Eurowings Barcelona
91%
Jet2.com/Ryanair/TUI Airways Birmingham
91%
Eurowings/Norwegian Air Shuttle/Scandinavian Airlines Copenhagen
91%
Eurowings Düsseldorf
91%
easyJet Naples
91%
TUI Airways Newcastle upon Tyne
91%
Eurowings Palma de Mallorca
91%
Eurowings/Norwegian Air Shuttle Stockholm (Arlanda)
91%
Israir/Sun d'Or Tel Aviv
91%
easyJet/Transavia Amsterdam
82%
Air Serbia Belgrade
82%
Eurowings Cologne/Bonn
82%
Eurowings Gran Canaria
82%
Eurowings Hamburg
82%
Jet2.com Leeds/Bradford
82%
flynas Riyadh
82%
easyJet/Jet2.com/TUI Airways Bristol
73%
Transavia Brussels
73%
Eurowings Corfu
73%
TUI Airways East Midlands
73%
Eurowings Heraklion
73%
Corendon Airlines/Eurowings Hurghada
73%
Eurowings Ibiza
73%
Eurowings Larnaca
73%
easyJet Liverpool
73%
Eurowings Rhodes
73%
Eurowings Tenerife (South)
73%
Eurowings Zakynthos
73%
Transavia Eindhoven
64%
Nouvelair Monastir
64%
Transavia Rotterdam/The Hague
64%
TUI Airways Cardiff
55%
Eurowings Kos
55%
Eurowings Marsa Alam
55%
Eurowings Olbia
36%
Eurowings Burgas
27%
Eurowings Calvi
27%
Eurowings Lamezia Terme
27%
Eurowings Beirut
9%
Eurowings Karpathos
0%
Eurowings Pristina
0%
No matching quizzes found
Score Distribution
Percent of People with Each Score
Percentile by Number Answered
Your Score History
You have not taken this quiz since the last reset